Geography Quiz

Random Geography or State Quiz

Largest U.S 'Hill' Cities Quiz Stats

 Plays Quiz not verified by Sporcle

Score 0/28 Timer 05:00
0 Plays Today
State City % Correct
OregonHillsboro
82%
South CarolinaRock Hill
56%
MichiganFarmington Hills
48%
North CarolinaChapel Hill
48%
MichiganRochester Hills
38%
MassachusettsHaverhill
38%
TennesseeSpring Hill
35.3%
CaliforniaChino Hills
30%
TexasNorth Richland Hills
30%
AlabamaVestavia Hills
28%
CaliforniaBeverly Hills
26%
CaliforniaPleasant Hill
24%
CaliforniaLaguna Hills
20%
TexasCedar Hill
18%
State City % Correct
FloridaLauderhill
16%
CaliforniaMorgan Hill
16%
ArizonaFountain Hills
11.8%
North CarolinaMint Hill
11.8%
CaliforniaEl Cerrito
5.9%
CaliforniaLoma Linda
5.9%
CaliforniaLomita
5.9%
FloridaSugar Hill
5.9%
IllinoisCrest Hill
5.9%
IllinoisVernon Hills
5.9%
MichiganAuburn Hills
5.9%
CaliforniaAgoura Hills
5.9%
IllinoisLake in the Hills
5.9%
CaliforniaCerritos
4%

You're not logged in!

Compare scores with friends on all Sporcle quizzes.
OR
Log In

Sporcle TV

Today on Sporcle TV


Watch our educational content, quiz creation guides, and fun videos on Sporcle TV.

Show Comments

Extras

Top Quizzes Today


Score Distribution

Your Account Isn't Verified!

In order to create a playlist on Sporcle, you need to verify the email address you used during registration. Go to your Sporcle Settings to finish the process.

Report this User

Report this user for behavior that violates our Community Guidelines.

Details: